00886nam a22002297a 4500999001700000003000900017008004100026040007100067082002300138110004200161245005800203260002800261300002700289505012500316650002500441650002000466650002200486650002100508942001600529945000800545952010300553  c11430d11430AR-CdUCM190404b           ||||| |||| 00| 0 spa d  aMUNICIPALIDAD PROVINCIAL DEL CUSCOcBIBLIOTECA MUNICIPAL DEL CUSCO  aC / 398.856 /bM79  aUniversidad Nacional del Cuzco923977  aGuía para la recolección de material folklorico /  aCuzco :bUNSAAC,c1952.  a62 páginas ;c21 cm.  aContenido: Lenguaje -- Literatura oral -- Creencias y superaciones -- Religión filosofía y moral --  Arte popular...  aAntropología.9878  aFolklore.91081  aTradiciones.9229  aCostumbres.9230  2ddccLIBROS  awfj  002ddc4070aSCAbSCAcCARTd2019-04-04g60.00oC / 398.856 / M79pSCA0001504r2019-04-04yLIBROS